000 00578cam a22002053a 4500
001 41144
003 PGUSA
005 20140828083928.0
008 121022s2012||||xxu|||||s|||||000 | eng d
040 _aPGUSA
_beng
042 _adc
100 1 _aJames, M. E.
245 1 4 _aThe Fishguard Invasion by the French in 1797
_h[electronic resource] /
_cM. E. James
260 _bProject Gutenberg,
_c2012
506 _aPublic domain in the USA.
516 _aElectronic text
830 0 _aProject Gutenberg
_v41144
856 4 0 _uhttp://www.gutenberg.org/ebooks/41144
942 _cEB
999 _c270396
_d270396